| 000 | 00408cam a22001697 4500 | ||
|---|---|---|---|
| 001 | ltf91076647 | ||
| 003 | DLC | ||
| 005 | 20260227111554.0 | ||
| 008 | 910703s1960 sw 000 0 swe | ||
| 010 | _altf91076647 | ||
| 040 |
_aDLC _cDLC _dDLC |
||
| 050 | 0 | 0 | _a4PT Swed 572 |
| 100 | 1 |
_aGustafson, Bosse, _d1924- |
|
| 245 | 1 | 0 | _aKasta sten. |
| 260 |
_aStockholm, _bP.A. Norstedt _c[1960] |
||
| 300 | _a260 p. | ||
| 999 |
_c37684 _d37684 |
||